Codusa, Construcciones Duarte
Presenta la aplicación de conocimientos, actitudes y habilidades, previamente adquiridos en el programa académico de la carrera de arquitectura, logrando las competencias y la capacidad para desempeñar las tareas y roles que se esperan, con el fin de complementar la formación integral y de cump...
| Main Author: | |
|---|---|
| Other Authors: | |
| Format: | Tesis Section = Libro |
| Language: | Undetermined Spanish |
| Published: |
Managua
UNI
2017
|
| Subjects: |
| LEADER | 01168nam a2200265Ia 4500 | ||
|---|---|---|---|
| 008 | 240830s9999 xx 000 0 und d | ||
| 040 | |a BIBLIOTECA-RUSB/ Mon 721 Ch512 | ||
| 041 | |a spa | ||
| 082 | |a Mon 721 Ch512 | ||
| 100 | 1 | |a Chávez Guevara, Edgar Ofilio | |
| 245 | 1 | 0 | |a Codusa, Construcciones Duarte |
| 260 | |a Managua |b UNI |c 2017 | ||
| 300 | |a 90 p. :il. | ||
| 500 | |a Informe de prácticas profesionales. | ||
| 502 | |a Tesis (Arquitecto) - UNI, 2017. | ||
| 520 | 3 | |a Presenta la aplicación de conocimientos, actitudes y habilidades, previamente adquiridos en el programa académico de la carrera de arquitectura, logrando las competencias y la capacidad para desempeñar las tareas y roles que se esperan, con el fin de complementar la formación integral y de cumplir con las exigencias del mercado laboral. | |
| 650 | 7 | |a EDIFICACION- DISEÑO Y CONSTRUCCION | |
| 650 | 7 | |b PRACTICAS PROFESIONALES- FORMACION PROFESIONAL | |
| 650 | 7 | |c DISEÑO ARQUITECTONICO | |
| 650 | 7 | |d DISEÑO DE ESTRUCTURAS | |
| 650 | 7 | |e ARQUITECTURA- DISEÑO Y PLANOS | |
| 700 | 1 | |a Tutor: |b Aguilar Arriola, Erasmo José | |
| 942 | |c BK |2 ddc | ||
| 991 | |a TESIS | ||
| 999 | |c 21151 | ||